Data Processing for Education

Salvato in:
Dettagli Bibliografici
Autore principale: Kotler, Philip (Autore)
Altri autori: Medek, Pavel (Traduttore)
Natura: Periodico
Lingua:ceco
Pubblicazione: Management Press, Profit, a.s, 1974
Soggetti:
Tags: Aggiungi Tag
Nessun Tag, puoi essere il primo ad aggiungerne!!

MARC

LEADER 00000nas a22000003a 4500
001 stu65769
005 20150617225649.7
008 011106s1974----xr------------------cze-d
040 |a STU  |b slo 
041 0 |a cze 
044 |a xr 
080 |a 658.8 
080 |a 339.138  |7 stu_us_auth*stu8219 
100 1 |a Kotler, Philip  |4 aut 
245 1 |a Data Processing for Education 
260 |b Management Press, Profit, a.s,  |c 1974 
300 |a 258 s 
500 |a 1-12 
500 |a 12 
650 7 |a marketing  |2 estusub 
650 7 |a trhy  |2 stusub 
700 1 |a Medek, Pavel  |4 trl 
773 0 |t Data Processing for Education  |w stu_us_cat*stu65766  |7 nnas 
996 |d Vol. 13, 1974  |v Vol. 13  |y 1974  |l II680  |s A  |a 24  |w stu65769_0001